Answers Contain "Clean" 🧼 - Statistics

General Stats
  • This quiz has been taken 244 times
    11 since last reset
  • The average score is 10 of 16
Answer Stats
Hint Answer % Correct
Thoroughly cleaning a house after the wintertime spring cleaning
91%
An Olympic weightlifting event clean and jerk
82%
A sudden and complete separation or escape clean break
82%
Such as solar, wind, hydro- and geo- varieties clean energy
82%
In Kosher law, what a pig is unclean animal
82%
Bald Proctor & Gamble mascot Mr. Clean
73%
US federal law designed to control air pollution Clean Air Act
64%
An absence of existing restraints or commitments clean slate
64%
Another term for genocide ethnic cleansing
64%
To be completely honest; keep nothing hidden come clean
55%
Cleaning fabric with a liquid solvent other than water dry cleaning
55%
Using enemas and diet to detoxify the large intestine colon cleansing
45%
Household cleaner sold through infomercials with Billy Mays OxiClean
45%
English electronic group of "Rather Be" and "Rockabye" Clean {Bandit}
36%
Having these means having innocence or guiltlessness clean {hands}
27%
Manufacturing facility with low levels of dust, germs, or particles cleanroom
27%
No matching quizzes found
Score Distribution
Percent of People with Each Score
Percentile by Number Answered
Your Score History
You have not taken this quiz since the last reset